|
|
|
|
| LEADER |
01120nam a2200229 a 4500 |
| 001 |
GR-MES13060 |
| 008 |
070911s gr 001 0 gre d |
| 020 |
|
|
|a 9608532205
|
| 040 |
|
|
|a GrPaTEI
|b gre
|c GR-PaULI
|
| 040 |
|
|
|a GrPaTEI
|b gre
|c GR-PaULI
|
| 082 |
|
0 |
|a 343.04
|2 21
|
| 100 |
1 |
|
|a Μήτσιος, Ηλίας Ν.
|
| 245 |
1 |
0 |
|a Διοικητικές και ποινικές κυρώσεις στη φορολογική νομοθεσία και άλλες διατάξεις :
|b μέχρι τον ν. 3091/2002 /
|c Ηλίας Ν. Μήτσιος.
|
| 260 |
|
|
|a Αθήνα :
|b [χ.ο.],
|c 2003
|
| 300 |
|
|
|a 271σ. :
|b πιν. ;
|c 20εκ.
|
| 500 |
|
|
|a Περιλαμβάνει επίμετρο
|
| 500 |
|
|
|a Περιλαμβάνει ευρετήριο
|
| 650 |
|
4 |
|a φορολογία
|x Δικαιο και νομοθεσία
|
| 942 |
|
|
|2 ddc
|
| 952 |
|
|
|0 0
|1 0
|2 ddc
|4 0
|6 343_040000000000000_ΜΗΤ
|7 0
|9 271570
|a MSLG
|b MSLG
|c BSC
|d 2021-01-17
|e 24
|f 0
|g 0.00
|l 0
|o 343.04 ΜΗΤ
|p 2420000020377
|r 2021-01-17 00:00:00
|t 1
|w 2021-01-17
|y BK15
|x 20070911 0 ΓΑΒΡΙΝΑ 1
|x GrPaTEI
|
| 971 |
|
|
|a .b25791072
|b 07-10-20
|c 13-09-16
|
| 999 |
|
|
|c 156904
|d 156904
|